Konflikty v pracovnej skupine a ich vplyv na výkon bakalárska práca

Gespeichert in:
Bibliographische Detailangaben
1. Verfasser: Voroňáková, Andrea
Körperschaft: Fakulta podnikového manažmentu EU. Katedra manažmentu
Weitere Verfasser: Gažová Adamková, Hana, 1969-
Format: Buch
Sprache:Slowakisch
Veröffentlicht: Bratislava 2010
Tags: Tag hinzufügen
Keine Tags, Fügen Sie das erste Tag hinzu!

MARC

LEADER 00000nbm a2200000 4500
001 0133454
005 20161109111528.0
041 0 |a slo 
044 |a SK 
245 1 0 |a Konflikty v pracovnej skupine a ich vplyv na výkon  |b bakalárska práca  |c Andrea Voroňáková ; školiteľ: Hana Gažová-Adamková 
264 1 |a Bratislava  |c 2010 
300 |a 41 s. 
100 1 |a Voroňáková, Andrea 
700 1 |a Gažová Adamková, Hana, 1969- 
710 2 |a Fakulta podnikového manažmentu EU. Katedra manažmentu